000 00667nam a2200205Ia 4500
001 L808-32395
003 IT-CnALBA
008 170116s9999||||xx |||||||||||||| ||und||
040 _aIT-CnALBA
_cIT-CnALBA
041 _aITALIANO
100 _aSTENO FLAVIA
245 0 _aUN GIORNO D'AMORE! ROMANZO.
250 _a1a ed.
260 _a BOLOGNA
_bCAPPELLI LICINIO - EDITORE
_c1933 [1° Ed.:1933 - Ed.Ling.Originale: 1933]
300 _a260 p.
501 _aSocietà San Paolo EM - Piazza San Paolo, 14 - 12051 ALBA (CN) (non commercial uses only) ® Copyright 2017
650 _aNARRATIVA DI VARIE LETTERATURE - ROMANZI
942 _cBK
957 _71
999 _a37164
_bSI
_g Copie: 1
_c291228
_d291228